[Event "Junior Online 4NCL Division 3"]
[Site "online"]
[Date "2021.01.21"]
[Round "1.62"]
[White "Audhora, Purba"]
[Black "Groot Wassink, Leon"]
[Result "1/2-1/2"]
[WhiteElo "1528"]
[BlackElo "1514"]
[PlyCount "109"]
[EventDate "2021.01.21"]
[WhiteTeam "Temple Sutton Juniors"]
[BlackTeam "JHJ Shark Tank 2"]

1. e4 e5 2. Nf3 Nc6 3. Bc4 Nf6 4. d3 Be7 5. Nc3 d6 6. h3 O-O 7. O-O Be6 8. Bb3
Qd7 9. Be3 a5 10. a3 Nd8 11. Nd5 a4 12. Nxf6+ Bxf6 13. Bxe6 Nxe6 14. Qd2 c5 15.
Rad1 Nd4 16. Nxd4 cxd4 17. Bg5 Qe7 18. Bxf6 Qxf6 19. f4 Qh6 20. f5 Qxd2 21.
Rxd2 f6 22. c3 dxc3 23. bxc3 Rfc8 24. Rc1 Ra6 25. Rb2 Rac6 26. c4 b6 27. Rcb1
Rb8 28. Rb4 Kf7 29. Rxa4 Rc5 30. Rab4 Ra5 31. Rxb6 Rxb6 32. Rxb6 Rxa3 33. Rxd6
Ke7 34. Rd5 Ra2 35. c5 Rc2 36. Kh2 g6 37. fxg6 hxg6 38. Kg3 g5 39. Kf3 Ke6 40.
g4 Ke7 41. Kg3 Ke6 42. Rd6+ Ke7 43. Rc6 Kf7 44. Rc7+ Ke6 45. c6 Kd6 46. Rc8
Rxc6 47. Rxc6+ Kxc6 48. h4 gxh4+ 49. Kxh4 Kd6 50. Kh5 Ke7 51. Kg6 Ke6 52. Kg7
Ke7 53. Kg6 Ke6 54. Kh5 Ke7 55. Kg6 1/2-1/2

[Event "Junior Online 4NCL Division 3"]
[Site "online"]
[Date "2021.01.21"]
[Round "1.63"]
[White "Royle, Alex"]
[Black "Summers, Dylan S"]
[Result "1/2-1/2"]
[WhiteElo "1479"]
[BlackElo "1532"]
[PlyCount "109"]
[EventDate "2021.01.21"]
[WhiteTeam "JHJ Shark Tank 2"]
[BlackTeam "Temple Sutton Juniors"]

1. d4 Nf6 2. c4 d6 3. Nc3 b6 4. e4 Bb7 5. Qc2 Nc6 6. Nf3 g6 7. a3 Bg7 8. Be2
O-O 9. h4 h5 10. Bg5 Re8 11. O-O-O Qd7 12. Nh2 e5 13. d5 Nd4 14. Qd3 Nxe2+ 15.
Qxe2 c6 16. dxc6 Qxc6 17. f3 Nh7 18. g4 Nxg5 19. hxg5 Kf8 20. gxh5 gxh5 21. Nf1
Ba6 22. Ne3 Rac8 23. Rxh5 b5 24. b3 bxc4 25. bxc4 Bxc4 26. Qxc4 Qxc4 27. Nxc4
Rxc4 28. Kd2 f6 29. gxf6 Bxf6 30. Nd5 Kf7 31. Rf5 Re6 32. Rh1 Kg6 33. Rg1+ Kf7
34. Rh1 Kg6 35. Nxf6 Rxf6 36. Rxf6+ Kxf6 37. Rh6+ Ke7 38. Rh7+ Kf6 39. Rxa7 Kg5
40. a4 Kf4 41. a5 Kxf3 42. a6 Ra4 43. Rf7+ Kxe4 44. a7 d5 45. Kc3 d4+ 46. Kb3
Ra6 47. Kb4 d3 48. Kb5 Ra1 49. Rd7 Ke3 50. Kb6 d2 51. Kb7 Rb1+ 52. Kc6 Ra1 53.
Kb7 Rb1+ 54. Kc6 Ra1 55. Kb7 1/2-1/2

[Event "Junior Online 4NCL Division 3"]
[Site "online"]
[Date "2021.01.21"]
[Round "1.64"]
[White "Patey, Joe"]
[Black "Bryant, Harry"]
[Result "1-0"]
[WhiteElo "1185"]
[BlackElo "1460"]
[PlyCount "105"]
[EventDate "2021.01.21"]
[WhiteTeam "Temple Sutton Juniors"]
[BlackTeam "JHJ Shark Tank 2"]

1. d4 Nf6 2. Nc3 g6 3. Bf4 d6 4. Nf3 Bg7 5. Qd2 O-O 6. Bh6 Ng4 7. Bxg7 Kxg7 8.
h3 Nf6 9. e3 Nc6 10. a3 e5 11. d5 Ne7 12. Bc4 a6 13. O-O b5 14. Bd3 Ne8 15. e4
f5 16. Ng5 h6 17. Ne6+ Bxe6 18. dxe6 f4 19. f3 Nc6 20. Be2 Qf6 21. a4 b4 22.
Nd5 Qxe6 23. c3 bxc3 24. Qxc3 Nd4 25. Rf2 c6 26. Nb6 Rb8 27. a5 Nc7 28. b4 Ncb5
29. Bxb5 Nxb5 30. Qxc6 Nd4 31. Qc7+ Qf7 32. Nd7 Rfc8 33. Qxd6 Nc6 34. Nxb8 Nxb8
35. Qxe5+ Kh7 36. b5 axb5 37. Qxb5 Qg7 38. Rff1 Qd4+ 39. Kh2 Rd8 40. Qb7+ Kh8
41. a6 Nd7 42. Rfd1 Qg7 43. a7 Kh7 44. a8=Q Rxa8 45. Qxa8 h5 46. Qb7 Kh6 47.
Rxd7 Qxa1 48. Rh7+ Kg5 49. Qe7+ Qf6 50. h4+ Kxh4 51. Qxf6+ g5 52. Qf5 g4 53.
Qxh5# 1-0

[Event "Junior Online 4NCL Division 3"]
[Site "online"]
[Date "2021.01.21"]
[Round "1.66"]
[White "Groot Wassink, Leon"]
[Black "Audhora, Purba"]
[Result "1-0"]
[WhiteElo "1514"]
[BlackElo "1528"]
[PlyCount "75"]
[EventDate "2021.01.21"]
[WhiteTeam "JHJ Shark Tank 2"]
[BlackTeam "Temple Sutton Juniors"]

1. e4 e5 2. Nf3 Nc6 3. Bb5 a6 4. Ba4 b5 5. Bb3 Nf6 6. O-O Bc5 7. c3 O-O 8. d3
d6 9. Bg5 h6 10. Bh4 Bg4 11. Nbd2 a5 12. a4 b4 13. Bd5 Ra6 14. Bc4 Rb6 15. Bb5
g5 16. Bg3 Nh5 17. Kh1 Nxg3+ 18. fxg3 d5 19. Qb3 Be6 20. Bxc6 Rxc6 21. Nxe5 Rd6
22. Qd1 dxe4 23. Nxe4 Ba7 24. Nf6+ Kh8 25. Qh5 Kg7 26. h4 Rh8 27. d4 Kf8 28.
Ne4 Rd7 29. Ng6+ Kg7 30. Ne5 Kf8 31. Nxd7+ Qxd7 32. Qf3 Kg7 33. Qf6+ Kg8 34. h5
Bb6 35. Qf3 Ba7 36. Nf6+ Kf8 37. Nxd7+ Bxd7 38. Qxf7# 1-0

[Event "Junior Online 4NCL Division 3"]
[Site "online"]
[Date "2021.01.21"]
[Round "1.67"]
[White "Summers, Dylan S"]
[Black "Royle, Alex"]
[Result "0-1"]
[WhiteElo "1532"]
[BlackElo "1479"]
[PlyCount "98"]
[EventDate "2021.01.21"]
[WhiteTeam "Temple Sutton Juniors"]
[BlackTeam "JHJ Shark Tank 2"]

1. e4 c5 2. Nf3 d6 3. Bc4 e6 4. Nc3 Nc6 5. d3 a6 6. O-O Nf6 7. Bb3 Be7 8. Be3
Ng4 9. Qe2 Nxe3 10. Qxe3 O-O 11. d4 cxd4 12. Nxd4 Qc7 13. Rfe1 b5 14. Nxc6 Qxc6
15. h3 Bb7 16. a3 Rac8 17. Qd4 Bf6 18. Qd3 Rfd8 19. Rab1 Bxc3 20. bxc3 Qxc3 21.
Qxc3 Rxc3 22. Rbd1 g6 23. e5 d5 24. Rd2 Rdc8 25. Kh2 Bc6 26. f3 a5 27. Rc1 a4
28. Ba2 Rxa3 29. c3 Bd7 30. Rd3 Rxa2 31. Kg3 b4 32. Kf4 Bb5 33. Rd2 Rxd2 34.
Ke3 bxc3 35. g3 Re2+ 36. Kd4 Rc4+ 37. Kd3 Rce4+ 38. Kxc3 Rc4+ 39. Kd3 Rxc1+ 40.
Kd4 Rd2+ 41. Ke3 Rd3+ 42. Kf4 Rc4+ 43. Kg5 Rxf3 44. g4 Rg3 45. Kh4 Rcc3 46. Kg5
Kg7 47. h4 Rc4 48. h5 h6+ 49. Kh4 Rcxg4# 0-1

[Event "Junior Online 4NCL Division 3"]
[Site "online"]
[Date "2021.01.21"]
[Round "1.68"]
[White "Bryant, Harry"]
[Black "Patey, Joe"]
[Result "1-0"]
[WhiteElo "1460"]
[BlackElo "1185"]
[PlyCount "61"]
[EventDate "2021.01.21"]
[WhiteTeam "JHJ Shark Tank 2"]
[BlackTeam "Temple Sutton Juniors"]

1. d4 d5 2. Nc3 Nc6 3. Bf4 a6 4. Nf3 Bf5 5. e3 e6 6. Bd3 Bxd3 7. cxd3 Nf6 8.
Qb3 Bd6 9. Bxd6 cxd6 10. Qxb7 Na5 11. Qb4 O-O 12. Qa4 h6 13. b4 Nb7 14. Qb3 Qe7
15. O-O a5 16. a3 axb4 17. axb4 Rxa1 18. Rxa1 e5 19. Nxd5 Qe6 20. Nxf6+ Qxf6
21. dxe5 dxe5 22. Qd5 Nd8 23. Nxe5 Qf5 24. Ra8 Re8 25. Rxd8 Rxd8 26. Qxd8+ Kh7
27. Qd4 Qc8 28. Qe4+ g6 29. Qc4 Qa8 30. Qxf7+ Kh8 31. Nxg6# 1-0

[Event "Junior Online 4NCL Division 3"]
[Site "online"]
[Date "2021.01.21"]
[Round "1.71"]
[White "Shen, Alex"]
[Black "Rahman, Faraz"]
[Result "1-0"]
[WhiteElo "1676"]
[BlackElo "1165"]
[PlyCount "41"]
[EventDate "2021.01.21"]
[WhiteTeam "MCS Tenners A"]
[BlackTeam "Harrow Juniors E"]

1. e4 c6 2. d4 d5 3. e5 Nd7 4. Nf3 e6 5. Bd3 Ne7 6. O-O g6 7. Bg5 Bg7 8. c3 O-O
9. Nbd2 f6 10. exf6 Bxf6 11. Bxf6 Rxf6 12. Nb3 b6 13. Re1 c5 14. Bc2 cxd4 15.
Nbxd4 Nc5 16. Ne5 Nf5 17. Bxf5 exf5 18. f3 Ne6 19. Qd2 Nxd4 20. cxd4 Re6 21.
Qb4 1-0

[Event "Junior Online 4NCL Division 3"]
[Site "online"]
[Date "2021.01.21"]
[Round "1.72"]
[White "Evans, Joseph"]
[Black "Turner, Jamie"]
[Result "1/2-1/2"]
[WhiteElo "995"]
[BlackElo "1562"]
[PlyCount "133"]
[EventDate "2021.01.21"]
[WhiteTeam "Harrow Juniors E"]
[BlackTeam "MCS Tenners A"]

1. c4 e5 2. g3 c6 3. Bg2 Nf6 4. e3 d5 5. cxd5 cxd5 6. Ne2 Nc6 7. Nbc3 Bb4 8.
O-O Bg4 9. Re1 Bxc3 10. bxc3 Qd6 11. d4 e4 12. Qc2 h5 13. Qb3 b6 14. Ba3 Qd7
15. Rac1 Rb8 16. c4 Rc8 17. cxd5 Qxd5 18. Qxd5 Nxd5 19. Nc3 Nxc3 20. Rxc3 Bf5
21. Rec1 Kd7 22. d5 Ne7 23. d6 Nd5 24. Rxc8 Rxc8 25. Rxc8 Kxc8 26. f3 exf3 27.
Bxf3 Nxe3 28. Bxh5 g6 29. Bf3 Nc4 30. Bb4 a5 31. Bc3 Kd7 32. g4 Be6 33. h4 Nxd6
34. h5 gxh5 35. gxh5 f5 36. h6 Bg8 37. Kg2 Ke7 38. Kh3 Kf7 39. Bh5+ Ke6 40. Kg3
Nf7 41. Bd2 Bh7 42. Kf4 Nxh6 43. Kg3 Ng8 44. Kf4 Nf6 45. Be2 Nd5+ 46. Kg5 Bg8
47. Bf3 Nc7 48. Kf4 Kd6 49. Kxf5 Bxa2 50. Ke4 Bd5+ 51. Ke3 Bxf3 52. Kxf3 Kc5
53. Ke3 Nd5+ 54. Kd3 Kb5 55. Kc2 a4 56. Kb2 Kc4 57. Ka3 b5 58. Be1 Nc3 59. Kb2
b4 60. Bd2 a3+ 61. Ka1 Ne4 62. Bc1 Kb3 63. Kb1 a2+ 64. Ka1 Nc3 65. Ba3 Nb5 66.
Bxb4 Kxb4 67. Kxa2 1/2-1/2

[Event "Junior Online 4NCL Division 3"]
[Site "online"]
[Date "2021.01.21"]
[Round "1.73"]
[White "Yao, Rian"]
[Black "Patel, Aaron"]
[Result "1-0"]
[WhiteElo "1060"]
[BlackElo "1062"]
[PlyCount "41"]
[EventDate "2021.01.21"]
[WhiteTeam "MCS Tenners A"]
[BlackTeam "Harrow Juniors E"]

1. e4 e5 2. Nf3 Nc6 3. Bc4 Bc5 4. c3 Nf6 5. d4 exd4 6. cxd4 Nxd4 7. Nxd4 Bxd4
8. Qxd4 O-O 9. Nc3 Re8 10. Bg5 Qe7 11. O-O h6 12. Nd5 c5 13. Nxe7+ Rxe7 14. Qd6
Rxe4 15. Bd5 Rd4 16. Bxf6 gxf6 17. Qxc5 Rd2 18. b3 Rb8 19. Qxa7 Rxd5 20. Qxb8
Rc5 21. Rac1 1-0

[Event "Junior Online 4NCL Division 3"]
[Site "online"]
[Date "2021.01.21"]
[Round "1.75"]
[White "Rahman, Faraz"]
[Black "Shen, Alex"]
[Result "0-1"]
[WhiteElo "1165"]
[BlackElo "1676"]
[PlyCount "56"]
[EventDate "2021.01.21"]
[WhiteTeam "Harrow Juniors E"]
[BlackTeam "MCS Tenners A"]

1. e4 c5 2. Nf3 e6 3. Nc3 Nc6 4. d3 Nge7 5. Bd2 d5 6. exd5 exd5 7. Be2 Be6 8.
O-O g6 9. a3 Bg7 10. Ne1 O-O 11. Bg5 h6 12. Bxe7 Qxe7 13. f4 a6 14. Rf3 Nd4 15.
Rg3 Qc7 16. Nf3 Qxf4 17. Nxd4 Qxd4+ 18. Kh1 Rad8 19. Bh5 gxh5 20. Qxh5 Qf6 21.
Kg1 Kh8 22. Rf1 Qe5 23. Qh4 Kh7 24. Rf4 b5 25. Nd1 Qe1+ 26. Rf1 Bd4+ 27. Nf2
Bxf2+ 28. Kh1 Qxf1# 0-1

[Event "Junior Online 4NCL Division 3"]
[Site "online"]
[Date "2021.01.21"]
[Round "1.76"]
[White "Turner, Jamie"]
[Black "Evans, Joseph"]
[Result "1-0"]
[WhiteElo "1562"]
[BlackElo "995"]
[PlyCount "38"]
[EventDate "2021.01.21"]
[WhiteTeam "MCS Tenners A"]
[BlackTeam "Harrow Juniors E"]

1. d4 Nf6 2. c4 e6 3. Nc3 d5 4. Bg5 Be7 5. Nf3 O-O 6. e3 Re8 7. Bd3 a6 8. Qc2
g6 9. Bh6 b5 10. b3 dxc4 11. bxc4 bxc4 12. Bxc4 Bb7 13. Qe2 Bb4 14. Rc1 Bxc3+
15. Rxc3 Bd5 16. Bg5 Bxf3 17. Qxf3 Ra7 18. Bxf6 Qd7 19. O-O Rb7 1-0

[Event "Junior Online 4NCL Division 3"]
[Site "online"]
[Date "2021.01.21"]
[Round "1.77"]
[White "Patel, Aaron"]
[Black "Yao, Rian"]
[Result "0-1"]
[WhiteElo "1062"]
[BlackElo "1060"]
[PlyCount "52"]
[EventDate "2021.01.21"]
[WhiteTeam "Harrow Juniors E"]
[BlackTeam "MCS Tenners A"]

1. e4 e5 2. Bc4 Nc6 3. Nf3 Nf6 4. Ng5 d5 5. exd5 Ne7 6. Nc3 h6 7. Nf3 e4 8. Nd4
Bg4 9. f3 exf3 10. Nxf3 Nexd5 11. Nxd5 Nxd5 12. O-O Nb6 13. Bb3 Bc5+ 14. Kh1
O-O 15. Qe2 Re8 16. Qd3 Qxd3 17. cxd3 Rad8 18. Ne5 Rxe5 19. d4 Bxd4 20. Bxf7+
Kh8 21. d3 Rf8 22. Bf4 Rf5 23. Be6 Rxf4 24. Rxf4 Rxf4 25. Bb3 Rf3 26. gxf3
Bxf3# 0-1

[Event "Junior Online 4NCL Division 3"]
[Site "online"]
[Date "2021.01.21"]
[Round "1.81"]
[White "Arora, Aarav"]
[Black "Vijayakumar, Rishi"]
[Result "0-1"]
[WhiteElo "1005"]
[BlackElo "1002"]
[PlyCount "40"]
[EventDate "2021.01.21"]
[WhiteTeam "Watford Juniors D"]
[BlackTeam "Dundee City"]

1. e4 e6 2. d4 d5 3. e5 c5 4. c3 Nc6 5. Nf3 Bd7 6. Bf4 Qb6 7. b3 cxd4 8. cxd4
Bb4+ 9. Bd2 f6 10. a3 Bxd2+ 11. Qxd2 fxe5 12. dxe5 Nge7 13. b4 Ng6 14. Bd3
Ngxe5 15. Nxe5 Nxe5 16. O-O O-O 17. Qc2 Nxd3 18. Qxd3 Bb5 19. Qe3 Qxe3 20. fxe3
Rxf1# 0-1

[Event "Junior Online 4NCL Division 3"]
[Site "online"]
[Date "2021.01.21"]
[Round "1.83"]
[White "Mehta, Devina"]
[Black "Dickson, Josh"]
[Result "0-1"]
[WhiteElo "799"]
[BlackElo "199"]
[PlyCount "52"]
[EventDate "2021.01.21"]
[WhiteTeam "Watford Juniors D"]
[BlackTeam "Dundee City"]

1. e4 e5 2. Nf3 Nc6 3. d4 exd4 4. Nxd4 Bc5 5. Be3 Qf6 6. Bb5 Nxd4 7. O-O Nxb5
8. Bxc5 Qxb2 9. Nd2 Nf6 10. Qe2 d6 11. Be3 O-O 12. Qd1 Nc3 13. Qc1 Ne2+ 14. Kh1
Nxc1 15. Nc4 Qc3 16. Raxc1 Qxc4 17. h4 Qxa2 18. Rfe1 Nxe4 19. Re2 Re8 20. f3
Ng3+ 21. Kg1 Nxe2+ 22. Kf1 Nxc1 23. Bxc1 Qxc2 24. Ba3 Qc4+ 25. Kf2 Qxh4+ 26.
Kf1 Re1# 0-1

[Event "Junior Online 4NCL Division 3"]
[Site "online"]
[Date "2021.01.21"]
[Round "1.84"]
[White "Dickson, Noah"]
[Black "Bamania, Prayaan"]
[Result "1-0"]
[WhiteElo "199"]
[BlackElo "674"]
[PlyCount "95"]
[EventDate "2021.01.21"]
[WhiteTeam "Dundee City"]
[BlackTeam "Watford Juniors D"]

1. e4 e5 2. Nf3 Nc6 3. d4 d6 4. dxe5 dxe5 5. Qxd8+ Kxd8 6. Ng5 Nf6 7. Nxf7+ Ke8
8. Nxh8 Be6 9. Nc3 Bd6 10. Nb5 Kd7 11. Bg5 Rxh8 12. Nxd6 Kxd6 13. O-O-O+ Ke7
14. Bxf6+ gxf6 15. Bb5 Nb4 16. a3 Na2+ 17. Kb1 Bg4 18. Rd7+ Bxd7 19. Bxd7 Kxd7
20. Kxa2 c5 21. Rd1+ Ke6 22. c4 Rg8 23. g3 a6 24. f4 exf4 25. gxf4 f5 26. e5
Rg2 27. h3 b5 28. Rd6+ Ke7 29. Rxa6 bxc4 30. Rc6 c3 31. Rxc5 c2 32. Rc7+ Kd8
33. Rc3 Ke8 34. a4 h5 35. a5 Rg3 36. Rxc2 Rxh3 37. a6 Rg3 38. a7 Kf7 39. Rc7+
Ke6 40. a8=Q h4 41. Qe8+ Kd5 42. Qc6+ Kd4 43. Qd6+ Ke4 44. Qb4+ Kd5 45. Rc5+
Ke6 46. Qb6+ Kd7 47. Rc7+ Kd8 48. Qb8# 1-0

[Event "Junior Online 4NCL Division 3"]
[Site "online"]
[Date "2021.01.21"]
[Round "1.85"]
[White "Vijayakumar, Rishi"]
[Black "Arora, Aarav"]
[Result "1-0"]
[WhiteElo "1002"]
[BlackElo "1005"]
[PlyCount "23"]
[EventDate "2021.01.21"]
[WhiteTeam "Dundee City"]
[BlackTeam "Watford Juniors D"]

1. d4 d5 2. c4 c6 3. Nf3 Nf6 4. Nc3 Bf5 5. Bg5 e6 6. e3 h6 7. Bxf6 Qxf6 8. Qb3
b6 9. cxd5 cxd5 10. Bb5+ Nd7 11. Qa4 Qe7 12. Ne5 1-0

[Event "Junior Online 4NCL Division 3"]
[Site "online"]
[Date "2021.01.21"]
[Round "1.87"]
[White "Dickson, Josh"]
[Black "Mehta, Devina"]
[Result "1-0"]
[WhiteElo "199"]
[BlackElo "799"]
[PlyCount "43"]
[EventDate "2021.01.21"]
[WhiteTeam "Dundee City"]
[BlackTeam "Watford Juniors D"]

1. e4 e5 2. Nf3 Nf6 3. Nxe5 Qe7 4. d4 Nxe4 5. Bd3 Qb4+ 6. c3 Qd6 7. Qf3 Ng5 8.
Bxg5 Qe6 9. O-O Be7 10. Bxe7 Qxe7 11. Re1 Nc6 12. Na3 O-O 13. Nxc6 Qg5 14. Ne7+
Kh8 15. Qh3 h6 16. Nxc8 Raxc8 17. Qxd7 g6 18. Re7 Rcd8 19. Qxc7 Rde8 20. Rxf7
Qd2 21. Rh7+ Kg8 22. Qg7# 1-0

[Event "Junior Online 4NCL Division 3"]
[Site "online"]
[Date "2021.01.21"]
[Round "1.88"]
[White "Bamania, Prayaan"]
[Black "Dickson, Noah"]
[Result "1-0"]
[WhiteElo "674"]
[BlackElo "199"]
[PlyCount "69"]
[EventDate "2021.01.21"]
[WhiteTeam "Watford Juniors D"]
[BlackTeam "Dundee City"]

1. e4 e5 2. f4 f6 3. d3 Bc5 4. Nf3 Nh6 5. fxe5 fxe5 6. Nxe5 Qh4+ 7. g3 Qf6 8.
Bf4 O-O 9. Nc3 Bd6 10. d4 Nf7 11. Bc4 Bxe5 12. Bxe5 Qg5 13. h4 Qe3+ 14. Ne2 Nc6
15. Bxc7 d6 16. Qd2 Qxe4 17. Qd3 Qxh1+ 18. Ng1 Qxg1+ 19. Qf1 Qxg3+ 20. Kd2 Qh2+
21. Kc3 Qg3+ 22. Bd3 Nfe5 23. Qe2 Rf2 24. Qe4 Nxd3 25. cxd3 Rf4 26. Qd5+ Kh8
27. Bxd6 Bf5 28. Rd1 Rf3 29. Bxg3 Rxg3 30. Qxf5 g6 31. Qf4 Rg2 32. Re1 Ne7 33.
Rxe7 Rg1 34. Qf6+ Kg8 35. Qg7# 1-0

[Event "Junior Online 4NCL Division 3"]
[Site "online"]
[Date "2021.01.21"]
[Round "1.91"]
[White "Nagar, Nikunj"]
[Black "Bagga, Khushi"]
[Result "0-1"]
[WhiteElo "658"]
[BlackElo "1189"]
[PlyCount "118"]
[EventDate "2021.01.21"]
[WhiteTeam "East Kilbride Bishops"]
[BlackTeam "St John's College C"]

1. e4 e5 2. Nf3 Nc6 3. Bc4 Bc5 4. d3 h6 5. Nc3 Nf6 6. Be3 Bxe3 7. fxe3 O-O 8.
d4 exd4 9. exd4 d6 10. d5 Ne5 11. Nxe5 dxe5 12. Nb5 Nxe4 13. O-O a6 14. Nc3
Nxc3 15. bxc3 Re8 16. Qf3 Rf8 17. d6 cxd6 18. Bxf7+ Kh8 19. Qd5 Qe7 20. Bg8
Rxg8 21. Rf7 Be6 22. Qxb7 Qxf7 23. Qxf7 Bxf7 24. Rf1 Bxa2 25. Ra1 Bc4 26. Ra4
Be6 27. Re4 a5 28. Ra4 Bd7 29. Ra2 a4 30. Ra1 a3 31. Kf1 a2 32. Ke1 Bf5 33. Kd1
Rgf8 34. Kc1 Be4 35. Kb2 Rf2 36. Rxa2 Rxa2+ 37. Kxa2 Rxc2+ 38. Kb3 Rxg2 39. Kc4
Rxh2 40. Kb5 h5 41. Kb6 h4 42. Kc7 h3 43. Kxd6 Rc2 44. Kxe5 Rxc3 45. Kxe4 h2
46. Kd4 Rc2 47. Ke3 h1=Q 48. Kd3 Ra2 49. Kc3 Qh3+ 50. Kc4 Ra4+ 51. Kb5 Rf4 52.
Kc5 Qe6 53. Kb5 Rf5+ 54. Kb4 Qe4+ 55. Kc3 Rf3+ 56. Kd2 Rd3+ 57. Kc2 Qc4+ 58.
Kb2 Rb3+ 59. Ka2 Qa4# 0-1

[Event "Junior Online 4NCL Division 3"]
[Site "online"]
[Date "2021.01.21"]
[Round "1.92"]
[White "Kulkarni, Arnav"]
[Black "Roul, Tushar"]
[Result "1-0"]
[WhiteElo "1033"]
[BlackElo "395"]
[PlyCount "49"]
[EventDate "2021.01.21"]
[WhiteTeam "St John's College C"]
[BlackTeam "East Kilbride Bishops"]

1. e4 d5 2. exd5 Nf6 3. Nc3 Nxd5 4. Nxd5 Qxd5 5. Nf3 Nc6 6. d3 Bg4 7. Be2 O-O-O
8. h3 Bxf3 9. Bxf3 Qd6 10. O-O f6 11. Be3 h5 12. Qe2 g6 13. Rad1 Nd4 14. Bxd4
Qxd4 15. c3 Qb6 16. b4 e5 17. a4 Bg7 18. a5 Qb5 19. Ra1 Qxd3 20. Qxd3 Rxd3 21.
a6 b6 22. Rfd1 Rxd1+ 23. Rxd1 Rd8 24. Bb7+ Kb8 25. Rxd8# 1-0

[Event "Junior Online 4NCL Division 3"]
[Site "online"]
[Date "2021.01.21"]
[Round "1.93"]
[White "Roul, Karan"]
[Black "Singh, Ayush"]
[Result "1-0"]
[WhiteElo "427"]
[BlackElo "967"]
[PlyCount "47"]
[EventDate "2021.01.21"]
[WhiteTeam "East Kilbride Bishops"]
[BlackTeam "St John's College C"]

1. e4 e5 2. Nf3 Nc6 3. Nc3 Nf6 4. d4 exd4 5. Nxd4 Nxd4 6. Qxd4 b6 7. e5 Bc5 8.
Qh4 Qe7 9. Qg5 h6 10. Qxg7 Rg8 11. Qxh6 Qxe5+ 12. Be3 Ng4 13. Qf4 Bxe3 14.
Qxe5+ Nxe5 15. fxe3 d6 16. O-O-O Bg4 17. Rd2 Nf3 18. gxf3 Bxf3 19. Bg2 Bxg2 20.
Rg1 Kd7 21. Rdxg2 Rae8 22. Rxg8 Rxg8 23. Rxg8 Ke6 24. Ra8 1-0

[Event "Junior Online 4NCL Division 3"]
[Site "online"]
[Date "2021.01.21"]
[Round "1.94"]
[White "Fattorelli, Giulio"]
[Black "Narasimhan, Srivathsan"]
[Result "1/2-1/2"]
[WhiteElo "872"]
[BlackElo "410"]
[PlyCount "123"]
[EventDate "2021.01.21"]
[WhiteTeam "St John's College C"]
[BlackTeam "East Kilbride Bishops"]

1. e4 e5 2. Nf3 Nc6 3. Nc3 Nf6 4. Bc4 Nxe4 5. Nxe4 d5 6. Bb3 dxe4 7. Ng5 Qxg5
8. Rf1 Bc5 9. d4 Bxd4 10. Bxg5 O-O 11. c3 Bc5 12. Qd5 Be6 13. Qxe4 Bxb3 14.
axb3 Na5 15. Rxa5 Bb6 16. Be7 Rfe8 17. Rxe5 f6 18. Re6 Kf7 19. Bb4 Rxe6 20.
Qxe6+ Kxe6 21. Kd1 Rd8+ 22. Kc1 c5 23. Ba3 Rd5 24. b4 cxb4 25. cxb4 a5 26. Re1+
Kf5 27. Re7 axb4 28. Bxb4 Bxf2 29. Rxb7 Be3+ 30. Kb1 Rd1+ 31. Kc2 Rg1 32. Rxg7
h5 33. Kd3 Bf4 34. Bc5 Rd1+ 35. Ke2 Rd5 36. b4 Re5+ 37. Kf3 Bxh2 38. Bd6 Rb5
39. Bxh2 Rxb4 40. Rh7 Rb3+ 41. Kf2 Rb2+ 42. Kg3 Kg6 43. Rc7 Rb3+ 44. Kf2 h4 45.
g4 Rb2+ 46. Kg1 h3 47. Bf4 Rg2+ 48. Kh1 Rxg4 49. Bd6 Rd4 50. Rc6 f5 51. Kh2 Kg5
52. Kxh3 f4 53. Be7+ Kf5 54. Rf6+ Ke4 55. Kg4 Ke5 56. Kf3 Rd3+ 57. Kg4 f3 58.
Rf5+ Ke6 59. Bh4 Rd4+ 60. Rf4 Rd3 61. Rxf3 Rxf3 62. Kxf3 1/2-1/2

[Event "Junior Online 4NCL Division 3"]
[Site "online"]
[Date "2021.01.21"]
[Round "1.95"]
[White "Bagga, Khushi"]
[Black "Nagar, Nikunj"]
[Result "1-0"]
[WhiteElo "1189"]
[BlackElo "658"]
[PlyCount "89"]
[EventDate "2021.01.21"]
[WhiteTeam "St John's College C"]
[BlackTeam "East Kilbride Bishops"]

1. e4 c5 2. Nf3 Nc6 3. d4 cxd4 4. Nxd4 Nxd4 5. Qxd4 Nf6 6. Nc3 d6 7. Bg5 e5 8.
Qd1 Be7 9. Bxf6 Bxf6 10. Bc4 Be6 11. Bxe6 fxe6 12. O-O O-O 13. Re1 d5 14. exd5
exd5 15. Nxd5 Be7 16. Nxe7+ Qxe7 17. Qg4 Qf6 18. Rf1 Rac8 19. c3 Rc6 20. Qe4
Rb6 21. Rab1 Qg6 22. Qxe5 Re6 23. Qd5 Qf7 24. Qd4 Qf6 25. Qxa7 Ra6 26. Qxb7
Rxa2 27. Qd5+ Qf7 28. Qxf7+ Rxf7 29. b4 Rc2 30. Rfc1 Rd2 31. f3 Re7 32. Re1 Rc7
33. b5 Rxc3 34. Rec1 Rcd3 35. b6 Rd8 36. b7 Rb8 37. Rc8+ Rxc8 38. bxc8=Q+ Kf7
39. Rb7+ Kf6 40. Qc5 Ke6 41. Rb6+ Kd7 42. Rb7+ Ke8 43. Qc6+ Kf8 44. Qc8+ Rd8
45. Qxd8# 1-0

[Event "Junior Online 4NCL Division 3"]
[Site "online"]
[Date "2021.01.21"]
[Round "1.96"]
[White "Roul, Tushar"]
[Black "Kulkarni, Arnav"]
[Result "0-1"]
[WhiteElo "395"]
[BlackElo "1033"]
[PlyCount "66"]
[EventDate "2021.01.21"]
[WhiteTeam "East Kilbride Bishops"]
[BlackTeam "St John's College C"]

1. e4 e5 2. Nf3 Nc6 3. d4 exd4 4. Nxd4 Nxd4 5. Qxd4 d6 6. Nc3 h6 7. f3 Nf6 8.
Be3 Be6 9. O-O-O c5 10. Bb5+ Bd7 11. Bxd7+ Qxd7 12. Qd3 Be7 13. Nd5 O-O 14.
Nxe7+ Qxe7 15. Qxd6 Qxd6 16. Rxd6 Rac8 17. Rhd1 Rfe8 18. c4 a6 19. Rb6 Re7 20.
Rd3 Nd7 21. Rxb7 Ne5 22. Rxe7 Nxd3+ 23. Kc2 Nb4+ 24. Kb1 Rd8 25. b3 Rd1+ 26.
Kb2 Re1 27. Bd2 Re2 28. Rd7 Rxg2 29. Ka3 Nc2+ 30. Kb2 Nb4 31. h4 Kf8 32. Ra7
Rxd2+ 33. Kc3 Rc2# 0-1

[Event "Junior Online 4NCL Division 3"]
[Site "online"]
[Date "2021.01.21"]
[Round "1.97"]
[White "Singh, Ayush"]
[Black "Roul, Karan"]
[Result "0-1"]
[WhiteElo "967"]
[BlackElo "427"]
[PlyCount "102"]
[EventDate "2021.01.21"]
[WhiteTeam "St John's College C"]
[BlackTeam "East Kilbride Bishops"]

1. e4 d5 2. exd5 Nf6 3. Nc3 Nxd5 4. Nxd5 Qxd5 5. b3 Qe5+ 6. Be2 Qxa1 7. Bh5
Qe5+ 8. Be2 Nc6 9. Nf3 Qd6 10. Bc4 h6 11. O-O Bg4 12. h3 Bxf3 13. Qxf3 f6 14.
Re1 O-O-O 15. Be6+ Kb8 16. Bd5 Qxd5 17. c4 Qxf3 18. gxf3 e5 19. f4 Bd6 20. fxe5
fxe5 21. Bb2 Rhe8 22. d4 exd4 23. Rxe8 Rxe8 24. b4 d3 25. Bc3 Bf4 26. Kf1 d2
27. Bxg7 d1=Q+ 28. Kg2 Qb1 29. a4 Qxb4 30. h4 Qxc4 31. Bb2 Rg8+ 32. Kf3 Qb3+
33. Kxf4 Qxb2 34. Kf5 Qxf2+ 35. Ke6 Re8+ 36. Kd7 Qd2+ 37. Kxe8 Qe3+ 38. Kd7
Qd4+ 39. Ke8 Qxh4 40. Kd7 Qxa4 41. Ke8 b6 42. Kd7 h5 43. Ke6 h4 44. Kd5 h3 45.
Ke6 h2 46. Kd7 h1=Q 47. Ke8 Qd4 48. Kf8 Qe1 49. Kg8 Qdf2 50. Kg7 Qeg1+ 51. Kh6
Qfh2# 0-1

[Event "Junior Online 4NCL Division 3"]
[Site "online"]
[Date "2021.01.21"]
[Round "1.101"]
[White "Gogia, Pranay"]
[Black "Miles, Jacob"]
[Result "1-0"]
[WhiteElo "1826"]
[BlackElo "777"]
[PlyCount "121"]
[EventDate "2021.01.21"]
[WhiteTeam "Colchester Juniors A"]
[BlackTeam "Leicestershire Juniors 5"]

1. d4 d5 2. c4 c5 3. cxd5 cxd4 4. Qxd4 e6 5. Nc3 exd5 6. Qxd5 Bd7 7. Qxb7 Nc6
8. Qa6 Bc5 9. Bf4 Nge7 10. e3 O-O 11. Bb5 Nb4 12. Qa4 Bxb5 13. Nxb5 Ned5 14.
Rd1 Qe8 15. Rxd5 a6 16. Rxc5 axb5 17. Qxb4 Rxa2 18. Nf3 Ra1+ 19. Ke2 Rxh1 20.
Rxb5 Rc1 21. Bd6 Rc2+ 22. Nd2 Qd8 23. Bxf8 Qxf8 24. Qxf8+ Kxf8 25. f4 g6 26.
Kd3 Rc8 27. g4 Kg7 28. g5 f6 29. Rb7+ Kf8 30. h4 fxg5 31. hxg5 Re8 32. Rxh7 Kg8
33. Rh6 Kg7 34. Ne4 Rd8+ 35. Kc4 Rc8+ 36. Kd5 Rd8+ 37. Kc6 Rc8+ 38. Kd7 Ra8 39.
Nf6 Ra7+ 40. Kc6 Ra6+ 41. Kd7 Ra7+ 42. Ke6 Ra6+ 43. Ke5 Ra5+ 44. Ke4 Ra4+ 45.
Kf3 Ra6 46. Rh7+ Kf8 47. e4 Ra4 48. Kg4 Ra1 49. Rh3 Rg1+ 50. Rg3 Rh1 51. f5
gxf5+ 52. exf5 Kf7 53. Rh3 Rg1+ 54. Rg3 Rh1 55. Nh5 Rh2 56. g6+ Kg8 57. Kg5
Rxb2 58. f6 Rb7 59. f7+ Kf8 60. Kf6 Rc7 61. g7# 1-0